[Event "XXIII Miedzynarodowy Festiwal Szachowy "]
[Site "Krakow, Hotel Galaxy  ul. Ges"]
[Date "2012.12.29"]
[Round "3.11"]
[White "Kudas, Damian"]
[Black "Kuspak, Aleksander"]
[Result "1-0"]
[WhiteElo "2083"]
[BlackElo "1918"]
[PlyCount "120"]
[EventDate "2012.??.??"]

1. d4 Nf6 2. Nf3 c5 3. d5 d6 4. c4 g6 5. Nc3 Bg7 6. g3 O-O 7. Bg2 a6 8. a4 Nbd7
9. O-O Qc7 10. h3 Rb8 11. e4 Re8 12. Re1 Ne5 13. Nxe5 dxe5 14. Be3 b6 15. Kh2
Nd7 16. Qd2 Qd6 17. f4 Kh8 18. f5 Nf8 19. Rf1 Kg8 20. Qf2 f6 21. a5 Nd7 22. Na4
bxa5 23. Nxc5 Nxc5 24. Bxc5 Qc7 25. Rfd1 Bf8 26. fxg6 hxg6 27. Rac1 Qb7 28. Ba3
Bd7 29. c5 Bb5 30. h4 Kg7 31. Bh3 Qc7 32. d6 Qc6 33. dxe7 Bxe7 34. Bd7 Qxe4 35.
Bxe8 Rxe8 36. Qe1 Qf3 37. Rc3 Qc6 38. Qe3 Rc8 39. b3 Qe6 40. Bc1 Rh8 41. c6
Bxc6 42. Qa7 Kf7 43. Ba3 Rd8 44. Rd6 Qg4 45. Rcxc6 Qe2+ 46. Kg1 Qe1+ 47. Kg2
Qe4+ 48. Kf2 Qf5+ 49. Ke3 Qb1 50. Rxf6+ Kg7 51. Rxg6+ Kh7 52. Rh6+ Kg7 53.
Rcg6+ Kf7 54. Qxa6 Qg1+ 55. Kf3 Qh1+ 56. Kf2 Qh2+ 57. Ke1 Qg1+ 58. Qf1+ Qxf1+
59. Kxf1 Bxa3 60. Rf6+ Kg7 1-0

[Event "XXIII Miedzynarodowy Festiwal Szachowy "]
[Site "Krakow, Hotel Galaxy  ul. Ges"]
[Date "2012.12.29"]
[Round "3.12"]
[White "Slabek, Grzegorz"]
[Black "Jopek, Krzysztof"]
[Result "1/2-1/2"]
[WhiteElo "2074"]
[BlackElo "1868"]
[PlyCount "52"]
[EventDate "2012.??.??"]

1. d4 Nf6 2. Nf3 g6 3. b4 Bg7 4. Bb2 c6 5. c4 a5 6. b5 cxb5 7. cxb5 d6 8. e3
O-O 9. Be2 Nbd7 10. O-O Nb6 11. Nbd2 a4 12. a3 Bf5 13. Rc1 Bd7 14. Qc2 Rc8 15.
Qb1 Rxc1 16. Rxc1 Qb8 17. e4 Rc8 18. d5 Rxc1+ 19. Qxc1 Qc8 20. Qxc8+ Nxc8 21.
Bd4 Ne8 22. Nb1 f5 23. exf5 Bxf5 24. Nc3 Bc2 25. Bxg7 Kxg7 26. Nd4 Bb3 1/2-1/2

[Event "XXIII Miedzynarodowy Festiwal Szachowy "]
[Site "Krakow, Hotel Galaxy  ul. Ges"]
[Date "2012.12.29"]
[Round "3.13"]
[White "Kasperek, Joanna"]
[Black "Hodorowicz, Kamil"]
[Result "1/2-1/2"]
[WhiteElo "2032"]
[BlackElo "1841"]
[PlyCount "59"]
[EventDate "2012.??.??"]

1. e4 c6 2. d4 d5 3. exd5 cxd5 4. c4 Nf6 5. Nc3 e6 6. Nf3 Be7 7. cxd5 Nxd5 8.
Bd3 Nc6 9. a3 a6 10. O-O O-O 11. Re1 Bf6 12. Bc2 Nce7 13. Ne4 Bd7 14. Nxf6+
Nxf6 15. Bg5 Ned5 16. Ne5 Qb6 17. Ng4 Nxg4 18. Qxg4 f5 19. Qg3 Qxd4 20. Qd6 Rf7
21. Bb3 Qg4 22. Bxd5 exd5 23. Re7 Bc6 24. Qe6 Raf8 25. Rxf7 Rxf7 26. Be7 h6 27.
h3 Qe4 28. Re1 Qxe6 29. Rxe6 Kh7 30. Kf1 1/2-1/2

[Event "XXIII Miedzynarodowy Festiwal Szachowy "]
[Site "Krakow, Hotel Galaxy  ul. Ges"]
[Date "2012.12.29"]
[Round "3.14"]
[White "Rzeznik, Lukasz"]
[Black "Parol, Pola"]
[Result "1-0"]
[WhiteElo "1989"]
[BlackElo "1549"]
[PlyCount "103"]
[EventDate "2012.??.??"]

1. e4 c6 2. d4 d5 3. Nc3 dxe4 4. Nxe4 Bf5 5. Ng3 Bg6 6. Nf3 Nd7 7. h4 h6 8. h5
Bh7 9. Bd3 Bxd3 10. Qxd3 Ngf6 11. Bf4 Qa5+ 12. Bd2 Qc7 13. c4 e6 14. O-O-O
O-O-O 15. Ne4 Nc5 16. Nxc5 Bxc5 17. Rh4 Bd6 18. Qe2 c5 19. Kb1 Kb8 20. Be3 Ka8
21. dxc5 Bxc5 22. Bd4 Bxd4 23. Nxd4 a6 24. Rc1 Qc5 25. Nb3 Qg5 26. g3 Qf5+ 27.
Ka1 Qd3 28. Qe5 Qd6 29. Qa5 e5 30. c5 Qc6 31. Qe1 Rhe8 32. Na5 Qc7 33. c6 bxc6
34. Nxc6 Rc8 35. Ra4 Qb6 36. Qf1 Rxc6 37. Rxc6 Qxc6 38. Rxa6+ Kb7 39. Rxc6 Kxc6
40. Qc4+ Kd6 41. Qxf7 Re7 42. Qg6 Rc7 43. a3 e4 44. Kb1 Ke5 45. g4 Kd4 46. g5
hxg5 47. h6 Ke5 48. Qxg5+ Ke6 49. h7 Nxh7 50. Qg4+ Kd6 51. Qf4+ Kc6 52. Qxe4+
1-0

[Event "XXIII Miedzynarodowy Festiwal Szachowy "]
[Site "Krakow, Hotel Galaxy  ul. Ges"]
[Date "2012.12.29"]
[Round "3.15"]
[White "Mielczarek, Daniel"]
[Black "Drop, Szymon"]
[Result "1-0"]
[WhiteElo "1975"]
[BlackElo "1803"]
[PlyCount "59"]
[EventDate "2012.??.??"]

1. d4 d5 2. Nf3 Nf6 3. Bg5 e6 4. e3 Be7 5. Bd3 O-O 6. Nbd2 h6 7. Bxf6 Bxf6 8.
Ne5 Bxe5 9. dxe5 c5 10. c3 b6 11. Qh5 Bb7 12. O-O-O Qe8 13. Rhg1 Ba6 14. Bc2 f5
15. Qh4 Qd8 16. Qh3 Qg5 17. g4 fxg4 18. Rxg4 Qxe5 19. Qxh6 Rxf2 20. Qh7+ Kf7
21. Rdg1 Ke7 22. Qh4+ Rf6 23. Rxg7+ Kd6 24. Qh8 Bb5 25. Qd8+ Bd7 26. Ba4 Qxe3
27. Rxd7+ Nxd7 28. Qxd7+ Ke5 29. Qc7+ Kf5 30. Bc2+ 1-0

[Event "XXIII Miedzynarodowy Festiwal Szachowy "]
[Site "Krakow, Hotel Galaxy  ul. Ges"]
[Date "2012.12.29"]
[Round "3.19"]
[White "Sawczuk, Czeslaw"]
[Black "Staroszczyk, Mateusz"]
[Result "1/2-1/2"]
[WhiteElo "1806"]
[BlackElo "2026"]
[PlyCount "101"]
[EventDate "2012.??.??"]

1. d4 f5 2. c4 Nf6 3. Nc3 e6 4. a3 d5 5. Nf3 c6 6. e3 Bd6 7. c5 Bc7 8. b4 O-O
9. Ne5 Bxe5 10. dxe5 Ne4 11. Ne2 a5 12. f3 Ng5 13. h4 Nf7 14. Bb2 Na6 15. Qd4
Bd7 16. Nc3 axb4 17. axb4 Nc7 18. Na4 Qe7 19. Be2 Nh6 20. g3 Be8 21. Nb6 Rxa1+
22. Bxa1 Bh5 23. Qf4 Nf7 24. O-O h6 25. Qd4 g5 26. g4 Bg6 27. h5 Bh7 28. Bd3
Nh8 29. Kg2 f4 30. Rd1 Bxd3 31. Qxd3 fxe3 32. Qxe3 Qh7 33. Qd3 Qxd3 34. Rxd3
Nb5 35. Bc3 Kf7 36. Be1 Ke7 37. Bg3 Kd8 38. Kf2 Kc7 39. Ke3 d4+ 40. Kd2 Rf7 41.
Nc4 Rf8 42. Nd6 Nc3 43. Rxd4 Rxf3 44. Rd3 Rxd3+ 45. Kxd3 Nd5 46. Be1 b5 47. Bd2
Kd7 48. Ke4 Ke7 49. Nc8+ Kd8 50. Nd6 Ke7 51. Nc8+ 1/2-1/2

[Event "XXIII Miedzynarodowy Festiwal Szachowy "]
[Site "Krakow, Hotel Galaxy  ul. Ges"]
[Date "2012.12.29"]
[Round "3.20"]
[White "Kyc, Jerzy"]
[Black "Lada, Ireneusz"]
[Result "1-0"]
[WhiteElo "1782"]
[BlackElo "2003"]
[PlyCount "67"]
[EventDate "2012.??.??"]

1. e4 c6 2. d4 d5 3. exd5 cxd5 4. c4 Nf6 5. Nc3 e6 6. Nf3 Be7 7. Bf4 O-O 8. c5
Ne4 9. Bd3 f5 10. O-O Nc6 11. Bb5 g5 12. Bxc6 bxc6 13. Be5 g4 14. Nd2 Ng5 15.
f3 h5 16. fxg4 hxg4 17. Qa4 Bd7 18. Nb3 Qe8 19. Rae1 Qg6 20. Qa6 Rf7 21. Qb7
Raf8 22. Qxd7 Nf3+ 23. gxf3 gxf3+ 24. Bg3 f4 25. Qxe6 Qxe6 26. Rxe6 fxg3 27.
hxg3 Kg7 28. Rxc6 Bg5 29. Re6 Rf6 30. Re5 Rf5 31. Nxd5 Rxe5 32. dxe5 Rd8 33.
Nf4 Re8 34. Re1 1-0

[Event "XXIII Miedzynarodowy Festiwal Szachowy "]
[Site "Krakow, Hotel Galaxy  ul. Ges"]
[Date "2012.12.29"]
[Round "3.22"]
[White "Tavakalov, Stanislav"]
[Black "Jablonska, Sabina"]
[Result "1-0"]
[WhiteElo "1772"]
[BlackElo "1973"]
[PlyCount "73"]
[EventDate "2012.??.??"]

1. e4 d5 2. exd5 Qxd5 3. Nc3 Qd6 4. d4 Nf6 5. Nf3 a6 6. g3 Bg4 7. Bg2 e6 8. O-O
Be7 9. Bf4 Qd7 10. Qd2 Bxf3 11. Bxf3 c6 12. Be5 O-O 13. Qf4 Qc8 14. Ne4 Nd5 15.
Qd2 f6 16. Bd6 Rd8 17. Bxe7 Nxe7 18. Rad1 f5 19. Nc5 b6 20. Nb3 Nd7 21. Qe2 Nf8
22. Rfe1 Ra7 23. c4 Rad7 24. a4 Qc7 25. Qe3 Neg6 26. a5 e5 27. d5 bxa5 28. Nc5
Rd6 29. Nxa6 Qc8 30. c5 Rf6 31. dxc6 Rxd1 32. Rxd1 Qxa6 33. Qb3+ Kh8 34. Qb7
Qc4 35. c7 Ne7 36. c8=Q e4 37. Bg2 1-0

[Event "XXIII Miedzynarodowy Festiwal Szachowy "]
[Site "Krakow, Hotel Galaxy  ul. Ges"]
[Date "2012.12.29"]
[Round "3.23"]
[White "Bartoszewicz, Marcin"]
[Black "Ziolkowski, Boleslaw"]
[Result "1-0"]
[WhiteElo "1937"]
[BlackElo "1749"]
[PlyCount "65"]
[EventDate "2012.??.??"]

1. e4 c5 2. Nf3 d6 3. d4 cxd4 4. Nxd4 Nf6 5. Nc3 a6 6. Bc4 e6 7. Bb3 Be7 8. O-O
b5 9. Kh1 Bb7 10. Bxe6 fxe6 11. Nxe6 Qc8 12. Nxg7+ Kf7 13. Nf5 Rg8 14. Nh6+ Kf8
15. Nxg8 Kxg8 16. f3 Qe6 17. b3 Nbd7 18. Bb2 Kf7 19. Ne2 Nh5 20. Nd4 Qg6 21.
Nf5 Rg8 22. Qd2 Nf4 23. g3 Nh5 24. Nh6+ Kf8 25. Nxg8 Kxg8 26. a4 bxa4 27. Rxa4
Bg5 28. Qb4 Nc5 29. Qc4+ Kf8 30. Rb4 Qf7 31. Qxf7+ Kxf7 32. Rb6 Ke6 33. Bd4 1-0

[Event "XXIII Miedzynarodowy Festiwal Szachowy "]
[Site "Krakow, Hotel Galaxy  ul. Ges"]
[Date "2012.12.29"]
[Round "3.25"]
[White "Mirski, Michal"]
[Black "Grabarczyk, Sylwester"]
[Result "1-0"]
[WhiteElo "1918"]
[BlackElo "1722"]
[PlyCount "35"]
[EventDate "2012.??.??"]

1. e4 e5 2. Nf3 Nc6 3. d4 exd4 4. Bc4 Bb4+ 5. c3 Ba5 6. b4 Bb6 7. cxd4 Qe7 8.
O-O Qxb4 9. Qd3 Na5 10. Bd5 Nf6 11. a3 Qe7 12. Re1 O-O 13. Bg5 h6 14. Bh4 g5
15. Nxg5 hxg5 16. Bxg5 d6 17. e5 dxe5 18. Qg6+ 1-0

[Event "XXIII Miedzynarodowy Festiwal Szachowy "]
[Site "Krakow, Hotel Galaxy  ul. Ges"]
[Date "2012.12.29"]
[Round "3.26"]
[White "Lis, Mateusz"]
[Black "Sajtyna, Krzysztof"]
[Result "1/2-1/2"]
[WhiteElo "1681"]
[BlackElo "1917"]
[PlyCount "112"]
[EventDate "2012.??.??"]

1. e4 g6 2. d4 Bg7 3. Nf3 c6 4. Bd3 d5 5. exd5 cxd5 6. O-O Bg4 7. c3 Nf6 8. h3
Bxf3 9. Qxf3 O-O 10. Qe2 Nc6 11. f4 e6 12. Nd2 a6 13. Nf3 b5 14. Bd2 Qb6 15. b4
Ne8 16. Be3 Nd6 17. Nd2 Nc4 18. Bxc4 bxc4 19. a4 Qc7 20. Rf3 f6 21. Raf1 e5 22.
fxe5 fxe5 23. Rxf8+ Rxf8 24. Rxf8+ Bxf8 25. Qf3 exd4 26. Qxd5+ Qf7 27. Qxc6
dxe3 28. Nf3 Qf4 29. Qd5+ Kg7 30. Qd4+ Qxd4 31. Nxd4 Kf6 32. Nc2 Bh6 33. Kf1
Ke5 34. Ke2 Ke4 35. a5 Bf4 36. b5 axb5 37. Na3 Kd5 38. a6 Kc6 39. Nxb5 Kb6 40.
a7 Kb7 41. Na3 Be5 42. Kxe3 Bxc3 43. Nxc4 Kxa7 44. Kf4 Kb7 45. Kg5 Kc6 46. Kh6
Kd5 47. Kxh7 Kxc4 48. Kxg6 Be1 49. g4 Kd5 50. g5 Ke6 51. Kh7 Kf5 52. g6 Bc3 53.
Kh6 Bd2+ 54. Kh7 Bc3 55. g7 Bxg7 56. Kxg7 Kg5 1/2-1/2

[Event "XXIII Miedzynarodowy Festiwal Szachowy "]
[Site "Krakow, Hotel Galaxy  ul. Ges"]
[Date "2012.12.29"]
[Round "3.27"]
[White "Pastuszko, Kinga"]
[Black "Roneid, Heidi"]
[Result "1-0"]
[WhiteElo "1916"]
[BlackElo "1674"]
[PlyCount "53"]
[EventDate "2012.??.??"]

1. e4 c5 2. Nf3 d6 3. d4 cxd4 4. Nxd4 Nf6 5. Nc3 g6 6. f3 Bg7 7. Be3 O-O 8. Qd2
Nc6 9. O-O-O d5 10. Nxc6 bxc6 11. exd5 cxd5 12. Nxd5 Nxd5 13. Qxd5 Qc7 14. Qxa8
Bf5 15. Qxf8+ Kxf8 16. Rd2 Qb8 17. b3 Ke8 18. Bc4 Qb4 19. Kd1 Bc3 20. Rd5 Qb8
21. Ke2 Bxc2 22. Rc1 Bxb3 23. axb3 Bb4 24. Bb5+ Kf8 25. Bh6+ Kg8 26. Ba6 e6 27.
Rb5 1-0

[Event "XXIII Miedzynarodowy Festiwal Szachowy "]
[Site "Krakow, Hotel Galaxy  ul. Ges"]
[Date "2012.12.29"]
[Round "3.28"]
[White "Marczuk, Anna"]
[Black "Jasiak, Filip"]
[Result "1-0"]
[WhiteElo "1674"]
[BlackElo "1906"]
[PlyCount "73"]
[EventDate "2012.??.??"]

1. e4 c5 2. Nf3 e6 3. d4 cxd4 4. Nxd4 Nf6 5. Nc3 Bb4 6. e5 Nd5 7. Bd2 Bxc3 8.
bxc3 Qe7 9. f4 a6 10. Qf3 d6 11. exd6 Qxd6 12. Bd3 Nd7 13. O-O O-O 14. Rae1
N7f6 15. Re5 Rb8 16. Qg3 Kh8 17. Rg5 Rg8 18. Qh4 g6 19. Nf3 Bd7 20. Ne5 Be8 21.
c4 Ne7 22. Bc3 Ned5 23. Bd4 Nb4 24. Nxf7+ Bxf7 25. Bxf6+ Rg7 26. Bxg6 Bxg6 27.
Rxg6 Rbg8 28. Qh6 Qc7 29. Bxg7+ Rxg7 30. Qxg7+ Qxg7 31. Rxg7 Kxg7 32. Rb1 Nxa2
33. Rxb7+ Kf6 34. Ra7 Nb4 35. c3 Na2 36. Rxa6 Nxc3 37. c5 1-0

[Event "XXIII Miedzynarodowy Festiwal Szachowy "]
[Site "Krakow, Hotel Galaxy  ul. Ges"]
[Date "2012.12.29"]
[Round "3.29"]
[White "Svanholm, Borge Waaktaar"]
[Black "Bandyk, Sebastian"]
[Result "1/2-1/2"]
[WhiteElo "1906"]
[BlackElo "1454"]
[PlyCount "62"]
[EventDate "2012.??.??"]

1. c4 e5 2. g3 Nf6 3. Bg2 d5 4. cxd5 Nxd5 5. Nc3 Nb6 6. Nf3 Nc6 7. O-O Be7 8.
d3 Be6 9. a3 O-O 10. b4 a5 11. b5 Nd4 12. Be3 Nd5 13. Nxd5 Bxd5 14. Nxd4 exd4
15. Bf4 Bxg2 16. Kxg2 g5 17. Bd2 Qd5+ 18. Kg1 Qxb5 19. Qc1 Rfc8 20. Rb1 Qd5 21.
a4 f6 22. Rb5 Qc6 23. Qxc6 bxc6 24. Rxa5 Rxa5 25. Bxa5 Ra8 26. Bxc7 Rxa4 27.
Rc1 Ra6 28. g4 Kf7 29. Kg2 Ke6 30. Rb1 Ra2 31. Kf3 Ra6 1/2-1/2

[Event "XXIII Miedzynarodowy Festiwal Szachowy "]
[Site "Krakow, Hotel Galaxy  ul. Ges"]
[Date "2012.12.29"]
[Round "3.30"]
[White "Madej, Roman"]
[Black "Klimentov, Evgeny"]
[Result "0-1"]
[WhiteElo "1609"]
[BlackElo "1896"]
[PlyCount "54"]
[EventDate "2012.??.??"]

1. d4 Nf6 2. c4 g6 3. Nc3 Bg7 4. e4 d6 5. Nf3 O-O 6. Be2 Bg4 7. O-O Nfd7 8. Be3
Nc6 9. Rc1 Bxf3 10. Bxf3 e5 11. d5 Nd4 12. b4 f5 13. Bxd4 exd4 14. Nb5 fxe4 15.
Bxe4 Qh4 16. Qe2 Rae8 17. f3 Bh6 18. Rcd1 Be3+ 19. Kh1 Bf4 20. g4 Nf6 21. Rxd4
Re7 22. Qg2 a6 23. Nc3 Rfe8 24. Ne2 Nxe4 25. fxe4 Rxe4 26. Rxf4 Rxe2 27. g5 Qh5
0-1

[Event "XXIII Miedzynarodowy Festiwal Szachowy "]
[Site "Krakow, Hotel Galaxy  ul. Ges"]
[Date "2012.12.29"]
[Round "3.31"]
[White "Carbonaro, Davidei"]
[Black "Janik, Andrzej"]
[Result "0-1"]
[WhiteElo "1608"]
[BlackElo "1877"]
[PlyCount "68"]
[EventDate "2012.??.??"]

1. e4 e5 2. Nf3 Nc6 3. Bb5 a6 4. Bxc6 dxc6 5. O-O f6 6. d4 exd4 7. Qxd4 Qxd4 8.
Nxd4 c5 9. Nb3 Bd7 10. Be3 b6 11. Nc3 Bd6 12. a4 Ne7 13. f4 O-O-O 14. h3 Kb7
15. Rfe1 Nc6 16. Nd5 Rhe8 17. Nd2 Nd4 18. Bxd4 cxd4 19. Nc4 Bc6 20. Nxd6+ Rxd6
21. c4 dxc3 22. Nxc3 Rd2 23. Rab1 f5 24. e5 Rxg2+ 25. Kf1 Rg3 26. e6 Rf3+ 27.
Kg1 Rxf4 28. Re5 Bxa4 29. Nxa4 Rxa4 30. Rd1 Re4 31. Rxf5 R8xe6 32. Rf7 Re7 33.
Rd7 Rxd7 34. Rxd7 Rh4 0-1

[Event "XXIII Miedzynarodowy Festiwal Szachowy "]
[Site "Krakow, Hotel Galaxy  ul. Ges"]
[Date "2012.12.29"]
[Round "3.32"]
[White "Sadzikowski, Marian"]
[Black "Ochowicz, Jakub"]
[Result "1-0"]
[WhiteElo "1868"]
[BlackElo "1562"]
[PlyCount "55"]
[EventDate "2012.??.??"]

1. e4 c5 2. f4 e6 3. Nf3 a6 4. Be2 b5 5. O-O Bb7 6. d3 Qc7 7. Qe1 d5 8. e5 Ne7
9. c3 Nd7 10. Ng5 g6 11. Bf3 Bg7 12. Qh4 Nf5 13. Qf2 h6 14. Nh3 O-O 15. g4 Ne7
16. Qh4 Qd8 17. Be3 Rc8 18. Nd2 Ba8 19. Nb3 c4 20. Nd4 cxd3 21. f5 exf5 22.
Bxh6 Nxe5 23. Bxg7 Kxg7 24. Ng5 Qd7 25. Qh7+ Kf6 26. h4 Rh8 27. Ne4+ dxe4 28.
g5# 1-0

[Event "XXIII Miedzynarodowy Festiwal Szachowy "]
[Site "Krakow, Hotel Galaxy  ul. Ges"]
[Date "2012.12.29"]
[Round "3.33"]
[White "Cebula, Alicja"]
[Black "Valkovoj, Alexandr"]
[Result "0-1"]
[WhiteElo "1590"]
[BlackElo "1855"]
[PlyCount "96"]
[EventDate "2012.??.??"]

1. e4 d6 2. d4 Nf6 3. Nc3 Nbd7 4. Bd3 e5 5. Nge2 Be7 6. O-O c6 7. f4 b5 8. a3
Qb6 9. Be3 Ng4 10. Qd2 Bf6 11. Nd1 Nxe3 12. Nxe3 exd4 13. Nf5 c5 14. Nxd6+ Qxd6
15. e5 Nxe5 16. fxe5 Bxe5 17. Bxb5+ Bd7 18. Bxd7+ Qxd7 19. Rae1 O-O 20. h3 Rab8
21. b3 Rbe8 22. Nc3 Bb8 23. Ne2 Qd6 24. Rf3 Re6 25. Nf4 Rf6 26. Ref1 Re8 27. g3
Qa6 28. a4 Bxf4 29. Rxf4 Rxf4 30. Qxf4 Qe6 31. Rf2 f6 32. Qf5 Qxf5 33. Rxf5 Re5
34. Rf3 Re2 35. c3 Kf7 36. cxd4 cxd4 37. Rd3 Re4 38. Kf2 Ke6 39. Kf3 Kd5 40.
Kf2 a5 41. Kf3 Re1 42. Kf2 Rc1 43. Ke2 Rc2+ 44. Rd2 Rxd2+ 45. Kxd2 Kc5 46. Kd3
Kb4 47. Kxd4 Kxb3 48. h4 Kxa4 0-1

[Event "XXIII Miedzynarodowy Festiwal Szachowy "]
[Site "Krakow, Hotel Galaxy  ul. Ges"]
[Date "2012.12.29"]
[Round "3.34"]
[White "Latka, Tadeusz"]
[Black "Malaczek, Mateusz"]
[Result "1-0"]
[WhiteElo "1573"]
[BlackElo "1855"]
[PlyCount "67"]
[EventDate "2012.??.??"]

1. Nf3 Nf6 2. b3 g6 3. Bb2 Bg7 4. c4 O-O 5. g3 d6 6. Bg2 e5 7. d3 c6 8. O-O Bf5
9. Nbd2 Qc8 10. a3 Bh3 11. Ra2 Bxg2 12. Kxg2 Nh5 13. Qa1 Nd7 14. b4 f5 15. e3
Qe8 16. Bc3 h6 17. Rc2 g5 18. d4 e4 19. Ng1 f4 20. d5 f3+ 21. Kh1 Nhf6 22. dxc6
bxc6 23. Nb3 Qh5 24. Rd2 Ng4 25. h3 Nde5 26. Bxe5 Bxe5 27. Qb1 d5 28. cxd5 cxd5
29. Rxd5 Bxg3 30. Qxe4 Nxf2+ 31. Rxf2 Bxf2 32. Rd7 Rf7 33. Qxa8+ Kg7 34. Qxa7
1-0

[Event "XXIII Miedzynarodowy Festiwal Szachowy "]
[Site "Krakow, Hotel Galaxy  ul. Ges"]
[Date "2012.12.29"]
[Round "3.35"]
[White "Domanski, Lukasz"]
[Black "Ociepka, Tomasz"]
[Result "0-1"]
[WhiteElo "1562"]
[BlackElo "1852"]
[PlyCount "118"]
[EventDate "2012.??.??"]

1. e4 c6 2. d4 d5 3. exd5 Qxd5 4. Nf3 Nf6 5. Be2 Bg4 6. O-O e6 7. c4 Qa5 8. Nc3
Bd6 9. Be3 Nbd7 10. Qc2 O-O 11. h3 Bh5 12. Rfd1 Rfe8 13. Rac1 Rac8 14. Qd2 Bb4
15. a3 Bxc3 16. Qxc3 Qxc3 17. Rxc3 h6 18. b4 Kf8 19. Rcc1 b6 20. Bf4 g5 21. Bh2
Kg7 22. g4 Bg6 23. Ne5 Be4 24. f3 Bh7 25. Bd3 Bxd3 26. Rxd3 Red8 27. Rcd1 Kf8
28. Kf2 Ke7 29. Bg3 Nxe5 30. Bxe5 Nd7 31. Bg3 Nf8 32. h4 Ng6 33. h5 Nf8 34. d5
cxd5 35. cxd5 Rc2+ 36. Kf1 exd5 37. Rxd5 Rxd5 38. Rxd5 Rc3 39. Ke2 Rxa3 40. b5
Ne6 41. Bb8 Ra4 42. Ke3 f6 43. Rd3 Ra5 44. Rd5 Nc5 45. Rd4 Rxb5 46. Bxa7 Rb3+
47. Ke2 Nd7 48. Ra4 Kd6 49. Ra2 Kc6 50. Rd2 Ne5 51. Bb8 Nxf3 52. Rc2+ Kb7 53.
Bd6 Nd4+ 54. Kd2 Nxc2 55. Kxc2 Kc6 56. Be7 Rg3 57. Bxf6 Rxg4 58. Bg7 Rh4 59.
Bxh6 Rxh5 0-1

[Event "XXIII Miedzynarodowy Festiwal Szachowy "]
[Site "Krakow, Hotel Galaxy  ul. Ges"]
[Date "2012.12.29"]
[Round "3.37"]
[White "Zaboklicki, Zbigniew"]
[Black "Dobrzanska, Joanna"]
[Result "1-0"]
[WhiteElo "1835"]
[BlackElo "1552"]
[PlyCount "47"]
[EventDate "2012.??.??"]

1. Nf3 f5 2. g3 Nf6 3. Bg2 e6 4. b3 Be7 5. Bb2 O-O 6. O-O d6 7. d4 c6 8. Nbd2
d5 9. Ne5 Nbd7 10. Nd3 Bd6 11. Nf3 Ne4 12. e3 Qe8 13. c4 g5 14. Nfe5 g4 15.
Bxe4 dxe4 16. Nf4 Nxe5 17. dxe5 Bc7 18. Kg2 Bd7 19. Rh1 Rd8 20. h3 Bc8 21. Qe2
h5 22. hxg4 hxg4 23. Rh6 Rf7 24. Rah1 1-0

[Event "XXIII Miedzynarodowy Festiwal Szachowy "]
[Site "Krakow, Hotel Galaxy  ul. Ges"]
[Date "2012.12.29"]
[Round "3.41"]
[White "Sliwicka, Alicja"]
[Black "Kowalski, Piotr"]
[Result "1-0"]
[WhiteElo "1772"]
[BlackElo "2096"]
[PlyCount "73"]
[EventDate "2012.??.??"]

1. e4 c5 2. Nf3 d6 3. d4 cxd4 4. Qxd4 Nc6 5. Bb5 Bd7 6. Bxc6 bxc6 7. c4 e5 8.
Qe3 Nf6 9. Nc3 Be7 10. O-O O-O 11. b3 Be6 12. Rd1 Ng4 13. Qe2 f5 14. h3 Nh6 15.
Nxe5 Bf6 16. Nxc6 Qb6 17. Rxd6 Bxc3 18. Ne7+ Kh8 19. Rxb6 axb6 20. Bb2 Bxb2 21.
Qxb2 fxe4 22. Qe5 Rf6 23. Qxe4 Raf8 24. Re1 Bd7 25. Qd5 Be8 26. f3 Bf7 27. Qd2
Bg6 28. Nd5 Rd6 29. Qb4 Rfd8 30. Nxb6 Rd2 31. a4 Rc2 32. Nd5 Nf5 33. a5 h5 34.
a6 Rd7 35. Qb7 Rxd5 36. Qxd5 Nh4 37. Qd8+ 1-0

[Event "XXIII Miedzynarodowy Festiwal Szachowy "]
[Site "Krakow, Hotel Galaxy  ul. Ges"]
[Date "2012.12.29"]
[Round "3.42"]
[White "Dadello, Aleksandra"]
[Black "Berek, Michal"]
[Result "1-0"]
[WhiteElo "1883"]
[BlackElo "1570"]
[PlyCount "87"]
[EventDate "2012.??.??"]

1. e4 c6 2. d4 d5 3. Nc3 dxe4 4. Nxe4 Nd7 5. Bd3 Ngf6 6. Ng5 e6 7. N1f3 Bd6 8.
Qe2 h6 9. Ne4 Nxe4 10. Bxe4 Nf6 11. Bd3 Qc7 12. Ne5 Bd7 13. Bd2 c5 14. Nxd7
Kxd7 15. dxc5 Qxc5 16. O-O-O Ke7 17. f4 a6 18. a3 Rac8 19. Rhe1 Rhe8 20. Kb1
Kf8 21. Bb4 Qc7 22. Bxd6+ Qxd6 23. Bb5 Qxf4 24. Bxe8 Kxe8 25. g3 Qc7 26. Rd3
Kf8 27. b3 Nd5 28. c4 Nf6 29. Red1 b5 30. cxb5 axb5 31. Qd2 Nd5 32. Rc1 Qb7 33.
Rxc8+ Qxc8 34. Qc2 Qb7 35. Qc5+ Kg8 36. Rd1 Qa8 37. Rc1 Kh7 38. Kb2 Qa6 39.
Qc2+ g6 40. Qc5 Qb7 41. Qf8 Qe7 42. Qxe7 Nxe7 43. Rc7 Nd5 44. Rxf7+ 1-0

[Event "XXIII Miedzynarodowy Festiwal Szachowy "]
[Site "Krakow, Hotel Galaxy  ul. Ges"]
[Date "2012.12.29"]
[Round "3.45"]
[White "Kucharska, Honorata"]
[Black "Klementys, Jerzy"]
[Result "0-1"]
[WhiteElo "1558"]
[BlackElo "1798"]
[PlyCount "132"]
[EventDate "2012.??.??"]

1. e4 c5 2. c3 Nf6 3. e5 Nd5 4. d4 cxd4 5. cxd4 d6 6. Nf3 Nc6 7. Bc4 Nb6 8. Bb3
dxe5 9. dxe5 Qxd1+ 10. Bxd1 Bg4 11. Bf4 Nc4 12. b3 Bxf3 13. Bxf3 N4xe5 14. Bxe5
Nxe5 15. Bxb7 Rb8 16. Be4 g6 17. Nd2 Bg7 18. Rd1 O-O 19. O-O Rfd8 20. Nf3 Nxf3+
21. Bxf3 Kf8 22. g3 e6 23. Rxd8+ Rxd8 24. Rc1 Be5 25. Rc4 Bd4 26. Rc2 Bb6 27.
Kf1 h5 28. Ke2 f5 29. h4 Kf7 30. b4 Rd4 31. a3 e5 32. Bc6 e4 33. Bb5 Rd6 34.
Rc1 Kf6 35. a4 Rd4 36. Rb1 Ke5 37. Be8 Rd6 38. Bb5 f4 39. gxf4+ Kxf4 40. Rg1
Bd8 41. Be8 Kf5 42. Rh1 Be7 43. b5 Rd8 44. Bc6 Bb4 45. Rb1 Rd2+ 46. Ke3 Rd3+
47. Ke2 Ba5 48. Rg1 Rd2+ 49. Ke3 Rd3+ 50. Ke2 Bd8 51. Be8 Rd6 52. Rh1 Rd4 53.
Rg1 Rxa4 54. Bxg6+ Kf4 55. Bxh5 Ra2+ 56. Kf1 Rb2 57. Rg4+ Kf5 58. b6 axb6 59.
Rg8 Bxh4 60. Be2 Be7 61. Rb8 Rb1+ 62. Kg2 Ke5 63. Rb7 Bc5 64. Rb8 Ra1 65. Rb7
Ra8 66. Kf1 Rf8 0-1

[Event "XXIII Miedzynarodowy Festiwal Szachowy "]
[Site "Krakow, Hotel Galaxy  ul. Ges"]
[Date "2012.12.29"]
[Round "3.46"]
[White "Tracz, Marcelina"]
[Black "Dyga, Ryszard"]
[Result "1/2-1/2"]
[WhiteElo "1705"]
[BlackElo "1595"]
[PlyCount "71"]
[EventDate "2012.??.??"]

1. e4 e5 2. Nf3 Nc6 3. Bb5 a6 4. Ba4 Nf6 5. O-O Bc5 6. Qe2 O-O 7. c3 Re8 8. d3
d5 9. exd5 Nxd5 10. Re1 Bg4 11. Bb3 Qd7 12. Bxd5 Qxd5 13. Be3 Bxf3 14. Qxf3
Qxf3 15. gxf3 Bd6 16. Nd2 Re6 17. Nb3 b6 18. d4 exd4 19. Nxd4 Nxd4 20. Bxd4 Rh6
21. Be5 Bxe5 22. Rxe5 Rd8 23. Rae1 Kf8 24. a3 Rhd6 25. Kg2 Rd2 26. R1e2 f6 27.
Re8+ Rxe8 28. Rxd2 Kf7 29. f4 f5 30. Kf3 Re6 31. Rd7+ Re7 32. Rd5 Kf6 33. Rd1
Re4 34. Rd7 Re7 35. Rd1 Kf7 36. Rd5 1/2-1/2

[Event "XXIII Miedzynarodowy Festiwal Szachowy "]
[Site "Krakow, Hotel Galaxy  ul. Ges"]
[Date "2012.12.29"]
[Round "3.47"]
[White "Kolodziej, Krzysztof"]
[Black "Szado, Jerzy"]
[Result "0-1"]
[WhiteElo "1657"]
[BlackElo "1554"]
[PlyCount "74"]
[EventDate "2012.??.??"]

1. e4 e6 2. d4 d5 3. exd5 exd5 4. Nc3 Nf6 5. Bg5 Be7 6. Bd3 O-O 7. Nge2 c6 8.
O-O Bg4 9. h3 Bh5 10. Qd2 Bg6 11. Nf4 Nbd7 12. Rfe1 Bxd3 13. Nxd3 Bd6 14. Ne5
Qc7 15. f4 Ne8 16. Re2 Nb6 17. Nd3 f6 18. Bh4 Nc4 19. Qc1 Qf7 20. b3 Nb6 21.
Qf1 g6 22. Rae1 Ng7 23. g4 Nd7 24. Kg2 Rae8 25. Bg3 Rxe2+ 26. Nxe2 Re8 27. f5
Bxg3 28. Nxg3 Rxe1 29. Qxe1 Qe8 30. Qd2 gxf5 31. g5 Nh5 32. Nxh5 Qxh5 33. gxf6
Nxf6 34. Ne5 Ne4 35. Qd3 Qg5+ 36. Kh2 Qf4+ 37. Kg2 Qf2+ 0-1